000 00971nam a22002177a 4500
999 _c55872
_d55872
005 20251010151730.0
008 s2550 th tha d
020 _a9789748825403
040 _aNALT
041 _atha
050 _aDS 554.57
_bร855ร 2550
100 0 _aเรืองเดชอนันต์ (ทองดี ธนะรัชต์),
_cหลวง
_926052
245 1 0 _aราชพงษาวดารกัมพูชา /
_cโดย พันตรีหลวงเรืองเดชอนันต์ (ทองดี ธนรัชต์).
250 _aพิมพ์ครั้งที่ 2
260 _aกรุงเทพฯ :
_bศรีปัญญา,
_c2550.
300 _a362 หน้า ;
_b
_c21 ซม.
651 0 _aกัมพูชา
_xประวัติศาสตร์
_9511
850 _aNALT
942 _cGB
_2lcc
_01
998 _j111
_k นางสาวพจพิณ พรมเอี่ยม